| 000 | 00592cam a22002053a 4500 | ||
|---|---|---|---|
| 001 | 34986 | ||
| 003 | PGUSA | ||
| 005 | 20140828083744.0 | ||
| 008 | 110117s2011||||xxu|||||s|||||000 | eng d | ||
| 040 |
_aPGUSA _beng |
||
| 042 | _adc | ||
| 100 | 1 |
_aWilliams, Jesse Lynch, _d1871-1929 |
|
| 245 | 1 | 4 |
_aThe Adventures of a Freshman _h[electronic resource] / _cJesse Lynch Williams |
| 260 |
_bProject Gutenberg, _c2011 |
||
| 506 | _aPublic domain in the USA. | ||
| 516 | _aElectronic text | ||
| 830 | 0 |
_aProject Gutenberg _v34986 |
|
| 856 | 4 | 0 | _uhttp://www.gutenberg.org/ebooks/34986 |
| 942 | _cEB | ||
| 999 |
_c264241 _d264241 |
||